Hodnotenie, rozmiestňovanie, odmeňovanie a uvoľňovanie zamestnancov : Bakalárska práca

Gespeichert in:
Bibliographische Detailangaben
1. Verfasser: Filípková, Petra (Verfasst von)
Weitere Verfasser: Šaturová, Katarína, 1968- (xxx)
Format: Manuskript Buch
Sprache:Slowakisch
Veröffentlicht: Trnava : STU v Bratislave MtF KPIM, 2006
Schlagworte:
Tags: Tag hinzufügen
Keine Tags, Fügen Sie das erste Tag hinzu!

MARC

LEADER 00000ntm a22000003a 4500
001 stu128899
005 20160719155520.4
008 061030s2006----xo------------------slo-d
040 |a STU  |b slo 
041 0 |a slo 
044 |a xo 
100 1 |a Filípková, Petra  |4 aut 
245 1 |a Hodnotenie, rozmiestňovanie, odmeňovanie a uvoľňovanie zamestnancov :  |b Bakalárska práca 
260 |a Trnava :  |b STU v Bratislave MtF KPIM,  |c 2006 
300 |a 47 s  |c príl (1 CD-ROM) 
650 7 |a priemyselné inžinierstvo a manažment  |2 stusub 
650 7 |a personalistika  |2 stusub 
700 1 |a Šaturová, Katarína,  |d 1968-  |4 xxx  |X 3649  |7 A000003649 
996 |b 284M074481  |c M*BP-1808  |l MMSKP  |s P  |a 0  |w stu128899_0001